| 000 | 01324nam a22003970a 4500 | ||
|---|---|---|---|
| 001 | PT18271 | ||
| 003 | AR-LpoUNG | ||
| 005 | 20210516202733.0 | ||
| 008 | 191001s2002||||ag |||||||||||||||||spa d | ||
| 040 |
_aAR-LpoUNG _bspa _cAR-LpoUNG _eaacr |
||
| 041 | _aspa | ||
| 044 | _aag | ||
| 082 | 0 | _a304.663 371gen | |
| 111 | 2 | _aEl racismo al diván en el país del olvido X 1993 - 2002, Buenos Aires, 18 junio 2002 | |
| 245 | 1 | 3 | _aEl genocidio al pueblo gitano |
| 250 | _aed. | ||
| 260 |
_aBuenos Aires : _bFundación Centro Psicoanalítico Argentino, _c2002. |
||
| 300 |
_ap. : _bVHS (145 min.) : son., col. |
||
| 505 | 0 | _aPanelistas Invitados Jorge Bernal, Esteban Ierardo, Gabriel Conti, Dina Picotti, Claudia Korz y José Esteban Garay | |
| 505 | 0 | _aProducción: Gabriel Mazzaglia. - Coordinación: Irene Bais. | |
| 650 | 4 | _aCULTURA | |
| 650 | 4 | _aDELITOS | |
| 650 | 4 | _aGRUPOS ETNICOS | |
| 650 | 4 | _aMINORIAS ETNICAS | |
| 650 | 4 | _aTORTURA | |
| 650 | 4 | _aVICTIMAS | |
| 650 | 4 | _aVIOLENCIA | |
| 653 | _aVIDEOS | ||
| 700 | 1 |
_aFernández Couto, Rogelio _ecoor. |
|
| 700 | 1 |
_aVilar, Pablo _ecoor. |
|
| 700 | 1 |
_aYomal, Gerardo _ecoor. |
|
| 710 | 2 | _aFundación Centro Psicoanalítico Argentino | |
| 710 | 2 | _aFundación Centro Psicoanálitico Argentino (Buenos Aires) | |
| 905 | _a18271 | ||
| 942 | _cVIDEO | ||
| 999 |
_c54496 _d54496 |
||